000 00577nam a2200229Ia 4500
003 OSt
005 20220924151746.0
006 a|||||r|||| 00| 0
007 ta
008 220923b |||||||| |||| 00| 0 tel d
024 _a339074
037 _cTextual
040 _aARTS
_cARTS
_btel
041 _2tel
_atel
082 _aV53.L92<-L99, 35L5
100 _aSharma Rama Au.
_9224897
245 0 _aFrenche Viplevam
260 _c1975
650 _aHISTORY
942 _hV53.L92<-L99, 35L5
_cTEXL
_2CC
999 _c467617
_d467617